Statistiques concernant Culture Informatique - Série 03

Cliquez ici pour prendre le quiz!

Statistiques générales

  • Ce quiz a été pris 109 fois
  • Le résultat moyen est 5 sur 10

Statistiques - réponses

QuestionRéponse% Correct
Quel nom donne-t-on à un dysfonctionnement dans le PC ?Un bug
99%
Combien y'a t-il d'octets dans un ko (kilo-octet) ?1024
60%
Dans un PC, que désigne-t-on sous le nom de hardware ?Le matériel
60%
Quel nom donne-t-on à la connectique universelle pour véhiculer l'image et le son ?HDMI
58%
Comment appelle-t-on le programme qui démarre avant Windows ?le BIOS
56%
Quel nom donne-t-on au petit fichier texte enregistré par un navigateur sur l'ordinateur d'un internaute ?cookie
54%
Quel nom porte le fait d'effacer toutes les données d'un disque dur ?Le formatage
53%
Quel nom porte le logiciel de messagerie de la fondation Mozilla ?thunderbird
48%
Comment appelle-t-on le cable qui relie le PC à la carte mère ?La nappe
22%
Comment appelle-t-on la zone située en bas à droite dans la barre des tâches ?zone de notification
14%

Distribution des résultats

Percentile par nombre de réponses

% des personnes avec chaque résultat

Votre développement - résultats

Vous n’avez pas pris ce quiz